| 000 | 00582nam a2200229 a 4500 | ||
|---|---|---|---|
| 003 | OSt | ||
| 005 | 20140508103507.0 | ||
| 008 | 020820s19uu xx 00 eng d | ||
| 020 | _a9780071251433 | ||
| 050 |
_aHG 4521 _b.B563 2007 |
||
| 100 | _aBodie, Zvi. | ||
| 245 |
_aEssentials of investments / _cZvi Bodie. |
||
| 250 | _a6th ed. | ||
| 260 |
_aNew York : _bMcGraw-Hill, _cc2007. |
||
| 300 |
_a999 p. : _bcol. ill. ; _c28 cm. |
||
| 521 | _aBSBA | ||
| 650 | _aInvestments | ||
| 700 | _aKane, Alex | ||
| 700 | _aMarcus, Alan J. | ||
| 942 |
_cBK _2lcc _kFOR |
||
| 999 |
_c23580 _d23580 |
||